US States Without a Map - One Minute Sprint - Statistics

General Stats
  • This quiz has been taken 1,658 times
  • The average score is 30 of 50
Answer Stats
state % Correct
California
86%
Alabama
81%
Alaska
79%
Florida
79%
Arizona
75%
New York
75%
Texas
72%
Idaho
71%
Oregon
71%
Washington
71%
Georgia
70%
Hawaii
70%
Iowa
69%
Maine
69%
New Mexico
68%
Colorado
67%
Arkansas
66%
Ohio
66%
Kansas
65%
Michigan
64%
Montana
64%
Illinois
63%
Nevada
63%
Utah
62%
Indiana
60%
Mississippi
58%
New Jersey
58%
Minnesota
57%
North Dakota
56%
Delaware
55%
Nebraska
55%
Kentucky
54%
Louisiana
54%
Wyoming
54%
Vermont
53%
Missouri
52%
South Dakota
52%
Maryland
51%
New Hampshire
51%
North Carolina
51%
Oklahoma
51%
Wisconsin
50%
Connecticut
47%
South Carolina
47%
Virginia
45%
Tennessee
44%
Massachusetts
40%
Pennsylvania
38%
Rhode Island
35%
West Virginia
35%
No matching quizzes found
Score Distribution
Percent of People with Each Score
Percentile by Number Answered
Your Score History
You have not taken this quiz